Regióny Slovenska z pohľadu realitného trhu bakalárska práca

Gespeichert in:
Bibliographische Detailangaben
1. Verfasser: Bačkorová, Victoria
Körperschaft: Podnikovohospodárska fakulta EU so sídlom v Košiciach. Katedra kvantitatívnych metód
Weitere Verfasser: Megyesiová, Silvia, 1969-
Format: Buch
Sprache:Slowakisch
Veröffentlicht: Košice 2025
Tags: Tag hinzufügen
Keine Tags, Fügen Sie das erste Tag hinzu!

MARC

LEADER 00000nbm a2200000 4500
001 0310873
005 20260210132932.8
041 0 |a slo 
044 |a SK 
245 1 0 |a Regióny Slovenska z pohľadu realitného trhu  |b bakalárska práca  |c Victoria Bačkorová ; školiteľ: Silvia Megyesiová 
264 1 |a Košice  |c 2025 
300 |a 54 s. 
100 1 |a Bačkorová, Victoria 
700 1 |a Megyesiová, Silvia, 1969- 
710 2 |a Podnikovohospodárska fakulta EU so sídlom v Košiciach. Katedra kvantitatívnych metód